书目信息 |
| 题名: |
变革社会中的教育权与受教育权
|
|
| 作者: | 劳凯生 主编 | |
| 分册: | ||
| 出版信息: | 北京 教育科学出版社 2003 |
|
| 页数: | 476页 | |
| 开本: | 24cm | |
| 丛书名: | ||
| 单 册: | ||
| 中图分类: | D922.161 | |
| 科图分类: | ||
| 主题词: | 教育法--法的理论--理论研究--中国 | |
| 电子资源: | ||
| ISBN: | 7-5041-2417-6 | |
| 000 | 00807Pam2 2200217 45 | |
| 001 | JMS0005506 | |
| 005 | 20041201141225.8 | |
| 010 | @a7-5041-2417-6@dCNY45.00 | |
| 100 | @a20030410d2003 ekmy1chiy0120 ea | |
| 101 | 0 | @achi |
| 102 | @aCN@b110000 | |
| 200 | 1 | @a变革社会中的教育权与受教育权@ABian Ge She Hui Zhong De Jiao Yu Quan Yu Shou Jiao Yu Quan@e教育法学基本问题研究@EJiao Yu Fa Xue Ji Ben Wen Ti Yan Jiu@f劳凯生主编@FLao Kai Sheng Zhu Bian |
| 210 | @a北京@c教育科学出版社@d2003 | |
| 215 | @a476页@d24cm | |
| 300 | @a全国教育科学“九五”规划教育部重点课题 | |
| 517 | @a教育法学基本问题研究@AJiao Yu Fa Xue Ji Ben Wen Ti Yan Jiu | |
| 606 | 0 | @a教育法@x法的理论@x理论研究@y中国 |
| 690 | @aD922.161@v4 | |
| 701 | 0 | @a劳凯生@4主编 |
| 801 | @aCN@bTSTCL@c20041201 | |
| 905 | @b336550-554@dD922.161@e339@f5 | |
| 变革社会中的教育权与受教育权:教育法学基本问题研究/劳凯生主编.-北京:教育科学出版社,2003 |
| 476页;24cm |
| 全国教育科学“九五”规划教育部重点课题 |
| ISBN 7-5041-2417-6:CNY45.00 |
| ● |
| 相关链接 |
|
|
|
|
正题名:变革社会中的教育权与受教育权
索取号:D922.161/339
 
预约/预借
| 序号 | 登录号 | 条形码 | 馆藏地/架位号 | 状态 | 备注 |
| 1 | 0336550 | 203365508 | 第一借阅区/ [索取号:D922.161/339] | 在馆 | |
| 2 | 0336551 | 203365517 | 第一借阅区/ [索取号:D922.161/339] | 在馆 | |
| 3 | 0336552 | 203365526 | 第一借阅区/ [索取号:D922.161/339] | 在馆 | |
| 4 | 0336553 | 203365535 | 第一借阅区/ [索取号:D922.161/339] | 在馆 | |
| 5 | 0336554 | 203365544 | 第一样本阅览室/ [索取号:D922.161/339] | 在馆 |